| 000 | 01681aam a2200361 i 4500 | ||
|---|---|---|---|
| 001 | ocn940361575 | ||
| 003 | OCoLC | ||
| 005 | 20250902030533.0 | ||
| 008 | 160219s2016 nyu 000 1 eng d | ||
| 020 |
_a1455537179 _q(pbk.) |
||
| 020 |
_a9781455537174 _q(pbk.) |
||
| 035 | _a(OCoLC)940361575 | ||
| 040 |
_aYDXCP _beng _erda _cYDXCP _dBTCTA _dBDX _dOCLCQ _dCPL _dOI6 _dOCLCO _dMR0 _dOC LCO _dTnLvILS |
||
| 100 | 1 |
_aMason, Debbie _c(Novelist), _eauthor. |
|
| 245 | 1 | 0 |
_aMistletoe cottage / _cDebbie Mason. |
| 250 | _aFirst edition. | ||
| 264 | 1 |
_aNew York : _bForever, _c2016. |
|
| 300 |
_aviii, 336 pages ; _c18 cm. |
||
| 336 |
_atext _btxt _2rdacontent. |
||
| 337 |
_aunmediated _bn _2rdamedia. |
||
| 338 |
_avolume _bnc _2rdacarrier. |
||
| 490 | 1 | _aHarmony Harbor novel. | |
| 500 | _aIncludes an excerpt from The trouble with Christmas. | ||
| 520 | _aSophie DiRossi loved growing up in Harmony Harbor. After fleeing in disgrace many years ago, she's now left homeless by a fire and forced to move back to the small coastal town that harbors a million secrets, including her own. Looking into her daughter's eyes every day, she must keep this secret from the only man she has ever loved. Sophie's return to town is a shock for everyone, especially Liam Gallagher. In this special town at this special time of the year, Sophie and Liam can only hope for a little holiday magic. | ||
| 650 | 0 |
_aHomecoming _vFiction. |
|
| 650 | 0 |
_aSecrecy _vFiction. |
|
| 650 | 0 | _aChristmas stories. | |
| 650 | 0 |
_aMan-woman relationships _vFiction. |
|
| 655 | 7 |
_aRomance fiction. _2lcgft. |
|
| 800 | 1 |
_aMason, Debbie _c(Novelist). _tHarmony Harbor novel. |
|
| 907 | _a.b354410271 | ||
| 942 | _cBK | ||
| 999 |
_c31094 _d31092 |
||